000 01262nam a2200337Ia 4500
001 ebr10626937
003 CaPaEBR
006 m u
007 cr cn|||||||||
008 120424s2012 okuab sb 001 0 eng d
010 _z 2012010934
020 _z9781593702601
040 _aCaPaEBR
_cCaPaEBR
035 _a(OCoLC)823729869
050 1 4 _aTN870.54
_b.B36 2012eb
082 0 4 _a665/.4
_223
100 1 _aBanerjee, Dwijen K.
245 1 0 _aOil sands, heavy oil, & bitumen
_h[electronic resource] :
_bfrom recovery to refinery /
_cDwijen K. Banerjee.
246 3 _aOil sands, heavy oil, and bitumen
260 _aTulsa, Okla. :
_bPennWell Corp.,
_cc2012.
300 _axvii, 185 p. :
_bill., maps.
504 _aIncludes bibliographical references and index.
533 _aElectronic reproduction.
_bPalo Alto, Calif. :
_cebrary,
_d2011.
_nAvailable via World Wide Web.
_nAccess may be limited to ebrary affiliated libraries.
650 0 _aOil sands.
650 0 _aHeavy oil.
650 0 _aBitumen.
650 0 _aEnhanced oil recovery.
655 7 _aElectronic books.
_2local
710 2 _aebrary, Inc.
856 4 0 _uhttp://site.ebrary.com/lib/rucke/Doc?id=10626937
_zAn electronic book accessible through the World Wide Web; click to view
999 _c68817
_d68817